Statistics for Gabon Country Quiz

Click here to take the quiz!

General Stats

  • This quiz has been taken 13,931 times
    (13,901 since last reset)
  • The average score is 13 of 16

Answer Stats

HintAnswer% Correct
Major line of latitude that divides the country in halfEquator
99%
Country from which Gabon gained its independence in 1960France
96%
Official languageFrench
96%
Countries that border GabonRepublic of the Congo
95%
85% of Gabon's land is covered by _____, the highest of any country except SurinameForest
94%
Countries that border GabonCameroon
93%
Countries that border GabonEquatorial Guinea
92%
Island nation that located 225 km due west of GabonSão Tomé and Príncipe
92%
Gulf which Gabon bordersGulf of {Guinea}
84%
Main export of GabonOil
84%
25% of the world population of this primate are found in GabonGorilla
77%
The Battle of Gabon was the only significant conflict in Central Africa in this warWorld War II
74%
Almost half of Gabon's exports are shipped to this countryChina
71%
Capital of GabonLibreville
68%
President of Gabon between 1967–2009
(Hint: he shares his last name with an Afro-Cuban drum)
Omar {Bongo}
46%
Second most populous city in GabonPort-{Gentil}
23%

Score Distribution

Percentile by Number Answered

Percent of People with Each Score

Your Score History

You have not taken this quiz since the last reset